Second language conversations
Guardat en:
| Autors principals: | , |
|---|---|
| Format: | Llibre |
| Idioma: | anglès |
| Publicat: |
Londres
Continuum
2004
|
| Col·lecció: | Advances in Applied Linguistics
|
| Matèries: | |
| Etiquetes: |
Afegir etiqueta
Sense etiquetes, Sigues el primer a etiquetar aquest registre!
|
MARC
| LEADER | 00000nam a2200000 a 4500 | ||
|---|---|---|---|
| 001 | UCK6367 | ||
| 003 | CL-VaPUC | ||
| 008 | 050930e20040000UK |||||||||||||||||eng|d | ||
| 020 | |a 0826469086 | ||
| 082 | 0 | 4 | |a 302.346 |b GAR |2 21 |
| 100 | 0 | |a Gardner, Rod |e author |9 495541 | |
| 700 | 0 | |a Wagner, Johannes |e author |9 495542 | |
| 245 | 1 | 0 | |a Second language conversations |
| 300 | |a 292 p | ||
| 942 | |c BK | ||
| 945 | |d 20050930 00:00:00 |a cmena | ||
| 260 | |a Londres |b Continuum |c 2004 | ||
| 650 | 0 | |a Conversación |9 341332 | |
| 650 | 0 | |a Análisis del discurso |9 256696 | |
| 650 | 0 | |a Adquisición del lenguaje |9 309032 | |
| 650 | 0 | |a Investigación lingüística |9 329785 | |
| 583 | |a last modification |c 20050930 00:00:00 |k Rodrigo Vera | ||
| 490 | 0 | |a Advances in Applied Linguistics | |
| 999 | |c 314654 |d 314652 | ||
| 952 | |0 0 |1 0 |4 0 |6 302_346000000000000_GAR_2004 |7 0 |8 A |9 387265 |a FDOPOS |b FDOPOS |d 2019-11-22 |i 4157133 |o 302.346 GAR 2004 |p 4157133 |r 2025-01-22 |w 2019-11-22 |y BK |k MLA | ||